000 00755nam a22002297a 4500
999 _c13399
_d13399
003 MIRAKIL
005 20211214000615.0
008 190710b tu ||||| |||| 00| 0 tur d
020 _a9755200126
040 _aTR-AnCHP
_cTR-AnCHP
041 _atur
082 _aATA 956.1024
_bA47a 1990
100 1 _aAksoy, Muammer
245 1 0 _aAtatürk ve tam bağımsızlık /
_cMuammer Aksoy.
260 _aAnkara :
_bGündoğan Yayınları,
_c1990.
300 _a118 s.:
_c20 sm.
490 0 _aGündoğan Yayınları ;
_aAtatürkçü düşünce dizisi ;
_v90.20.
_v01.03
504 _aBibliyografik bilgi içermektedir.
600 1 4 _91465
_aAtatürk, Gazi Mustafa Kemal
_d1881-1938
650 0 _aSiyaset ve yönetim
_xTürkiye
_yTürkiye
_99
942 _2ddc
_cBKS